000 01284nam a22002777a 4500
001 121712
008 231103s2023 xxk|||||o|||| 00| 0 eng d
020 _a9781783215072
041 _aeng
100 _aRaina, Gurvinder
110 _aRoyal Institution of Chartered Surveyors
245 _aDecarbonising the built environment in India
_bAddressing operational and embodied carbon
_h[Electronic resource]
260 _aLondon,
_bRoyal Institution of Chartered Surveyors,
_cNovember 2023
300 _a20p.
490 _aRICS Policy Paper
520 _aThe purpose of this paper is to discuss the need to decarbonise the Indian built environment, examine existing policies and recommend further interventions. The scope includes all emissions produced by the Indian residential, commercial building and infrastructure stocks, so both embodied carbon and operational carbon are included.
650 _aCLIMATE CHANGE
650 _aNET ZERO
650 _aDECARBONISATION
651 _aIndia
690 _96238
_aEnvironment
690 _96307
_aBuilt Environment
710 _aRoyal Institution of Chartered Surveyors
856 _uhttps://www.rics.org/content/dam/ricsglobal/documents/reports/rics-cop28-policy-paper-india.pdf
_zAvailable free on RICS.org
942 _n0
999 _c121712
_d121712